000 00598nam a2200217Ia 4500
005 20260429112025.0
008 260429s9999||||xx |||||||||||||| ||und||
020 _a9780367473365
041 _aEnglish
082 _a581.63
_bSHA
100 _aShahnawaz, Mohd.
245 0 _aBiotechnological approaches to enhance plant secondary metabolites /
_cMohd. Shahnawaz
250 _a1st ed.
260 _aBoca Raton :
_bCRC Press,
_c2022.
300 _axvii, 168 p.; hb
650 _a Beneficial plants
650 _a Herbs
650 _a Nontaxonomic plants
650 _aBotany
942 _cTB
999 _c51949
_d51949